| 000 | 00453pab a2200169 454500 | ||
|---|---|---|---|
| 008 | 180718b2006 xxu||||| |||| 00| 0 eng d | ||
| 100 | _aSyamsundari, B. | ||
| 245 | _aManglagiri: case study of master weavers | ||
| 260 | _c2006 | ||
| 300 | _ap.3377-379 | ||
| 362 | _a5 Aug | ||
| 650 | _aTextile industry - Case studies | ||
| 650 | _aTextile industry | ||
| 700 | _aNiranjan< Seemanthini | ||
| 773 | _aEconomic and Political Weekly | ||
| 909 | _a70752 | ||
| 999 |
_c70752 _d70752 |
||